000 00915nam a2200277 a 4500
001 55436
003 BD-RJUL
005 20211209080250.0
008 910521s1988 ii b 000 0 eng |
035 _a(BD-RJUL)55559
040 _aUUM
_cUUM
_beng
_dBD-RJUL
041 _aeng
082 _223
_a954.02
_bSRS 1959
090 _aDS485.D3
_bS43 1959
100 1 _aSrivastava, Ashirbadi Lal
_9162048
245 1 4 _aThe Sultanate of Delhi :
_b including the Arab invasion of Sindh, 711-1526 A.D. /
_cAshirbadi Lal Srivastava
250 _a3rd ed.
260 _aNew Delhi :
_bKonark Publishers,
_cc1959
300 _axvi, 381 p. ;
_c22 cm
504 _aIncludes bibliographical references
650 _a India -- History -- 324 B.C.-1000 A.D.
_9165156
651 0 _aDelhi (Sultanate)
_xHistory
_9165157
651 0 _aMogul Empire
_xHistory
_9163823
651 0 _aIndia
_xHistory
_y1000-1526
_9165158
942 _2ddc
_cBK
999 _c55436
_d55436